|
|
|
|
| LEADER |
00000nam0a2200000 4500 |
| 001 |
143852 |
| 005 |
20231101221045.0 |
| 010 |
|
|
|a 9785911314866
|b (в пер.)
|b 2500 экз. (1-й з-д 1-1250)
|
| 021 |
|
|
|a RU
|b 07-85863
|9 07-4633
|
| 035 |
|
|
|a (RuTPU)RU\TPU\book\155897
|
| 090 |
|
|
|a 143852
|
| 100 |
|
|
|a 20080211d2008 m y0rusy5002 ca
|
| 101 |
0 |
|
|a rus
|
| 102 |
|
|
|a RU
|
| 105 |
|
|
|a a j 001yy
|
| 200 |
1 |
|
|a Математика
|e учебник для экономистов
|f Е. С. Кундышева
|
| 210 |
|
|
|a Москва
|c Дашков и К
|d 2008
|
| 215 |
|
|
|a 563 с.
|c ил.
|
| 320 |
|
|
|a Библиогр.: с. 552-553.
|
| 330 |
|
|
|a В основу учебника положен материал четырехсеместрового курса лекций, читавшегося автором в течение ряда лет в московских вузах. На простейшем уровне изложены необходимые экономистам основы высшей математики, на которых базируются экономико-математические методы и строятся математические модели рыночной экономики. Это не только учебник, но и краткое руководство к решению задач по основам высшей математики. Основные положения учебного материала сопровождаются большим количеством примеров и задач из области корпоративного управления, макро- и микроэкономики с соответствующими упражнениями, контрольными вопросами для самостоятельной работы. Учебник может быть полезным студентам и преподавателям экономических и смежных специальностей вузов и колледжей, где математические дисциплины не являются основными. Книга является частью учебного комплекса по математике и математическому моделированию в экономике. Вместе с учебником: Кундышева Е. С. "Экономико-математическое моделирование"/ Под науч. ред. проф. Б. А. Суслакова. — М.: ИТК «Дашков и К0», 2007 и компакт-дисками по обоим курсам может активно использоваться в центрах дистанционного и заочного обучения для подготовки бакалавров.
|
| 451 |
|
1 |
|0 (RuTPU)RU\TPU\book\103231
|y 5-94798-405-9
|t Математика
|o учебное пособие для экономистов
|f Е. С. Кундышева
|c М.
|n Дашков и Ко
|d 2005
|p 533, [1] с.
|a Кундышева, Елена Сергеевна
|
| 606 |
1 |
|
|a Математика
|2 stltpush
|3 (RuTPU)RU\TPU\subj\67327
|9 83171
|
| 610 |
1 |
|
|a линейная алгебра
|
| 610 |
1 |
|
|a аналитическая геометрия
|
| 610 |
1 |
|
|a линейное программирование
|
| 610 |
1 |
|
|a математический анализ
|
| 610 |
1 |
|
|a теория вероятностей
|
| 610 |
1 |
|
|a математическая статистика
|
| 610 |
1 |
|
|a экономико-математические методы
|
| 610 |
1 |
|
|a учебники
|
| 675 |
|
|
|a 51(075.8)
|v 3
|z rus
|
| 700 |
|
1 |
|a Кундышева
|b Е. С.
|g Елена Сергеевна
|4 070
|
| 801 |
|
1 |
|a RU
|b 63413507
|c 20080924
|g PSBO
|
| 801 |
|
2 |
|a RU
|b 63413507
|c 20150430
|g PSBO
|
| 900 |
|
|
|a Математика
|
| 900 |
|
|
|a Высшая математика
|
| 942 |
|
|
|c BK
|
| 951 |
|
|
|a 521600
|b 080100
|
| 959 |
|
|
|a 82/20080924
|d 1
|e 264,00
|f ЧЗТЛ:1
|